| 000 | 00433nam a2200133Ia 4500 | ||
|---|---|---|---|
| 008 | 250506s9999 xx 000 0 und d | ||
| 024 | _a12B-85-EL, 12B-93-EL & 12B-96-EL | ||
| 082 | _a629.243072 FAR | ||
| 100 | _aFarrukh Ahmed, M. Fahad Ghouri & S. Sammam Mughees | ||
| 245 | 0 | _aActive Multi Level Suspension System | |
| 260 |
_aKarachi: _bUIT, _c2012 |
||
| 600 | _aElectrical Engineering | ||
| 650 | _aBachelor of Engineering (BE) | ||
| 999 |
_c28118 _d28118 |
||